[Event "Let's Play Chess!"]
[Site "http://www.queenalice.com/game.php?id=207620"]
[Date "2007.5.7"]
[Round "-"]
[White "Bryan_Ferry"]
[Black "Jac"]
[Result "1-0"]
[WhiteElo "1958"]
[BlackElo "1788"]

1. e4 e5 2. Nc3 Nf6 3. f4 Nc6 4. fxe5 Nxe5 5. d4 Nc6 6. e5 Qe7 7. Be2 Ng8 8. Nf3
h6 9. O-O d6 10. exd6 Qxd6 11. Nb5 Qd7 12. Bf4 Bd6 13. Bxd6 cxd6 14. Bc4 Nf6 15.
Re1+ Ne7 16. Qe2 b6 17. Nc3 a6 18. Nd5 Nxd5 19. Bxd5 Bb7 20. Bxb7 Qxb7 21. d5
Ra7 22. c4 O-O 23. Nd4 b5 24. b3 Qb6 25. Qf2 Qc7 26. Rf1 bxc4 27. Ne6 Qb8 28.
Nxf8 Nxd5 29. bxc4 Nf6 30. Rab1 Qc7 31. Qb6 Qxb6+ 32. Rxb6 Kxf8 33. Rxd6 1-0

[Event "Let's Play Chess!"]
[Site "http://www.queenalice.com/game.php?id=207735"]
[Date "2007.5.8"]
[Round "-"]
[White "Bryan_Ferry"]
[Black "Rutty"]
[Result "1-0"]
[WhiteElo "1921"]
[BlackElo "1916"]

1. e4 e5 2. Nc3 Nc6 3. Bc4 Bc5 4. Qg4 Qf6 5. Nd5 Qxf2+ 6. Kd1 Nge7 7. Nh3 Qd4 8.
Qxg7 Rg8 9. Nf6+ Kd8 10. Nxg8 d5 11. Nxe7 dxc4 12. Nxc6+ bxc6 13. Qg8+ Ke7 14.
Qg5+ Ke8 15. Qe3 Bg4+ 16. Ke1 Qd6 17. Qg3 h5 18. Nf2 f5 19. Nxg4 fxg4 20. d3 Rd8
21. Be3 Bb4+ 22. c3 cxd3 23. Bd2 Bc5 24. Qh4 Kd7 25. Qxh5 Rf8 26. Qxg4+ Ke8 27.
Qc8+ 1-0

[Event "Let's Play Chess!"]
[Site "http://www.queenalice.com/game.php?id=207784"]
[Date "2007.5.8"]
[Round "-"]
[White "Bryan_Ferry"]
[Black "Rutty"]
[Result "1-0"]
[WhiteElo "1937"]
[BlackElo "1900"]

1. e4 e5 2. Nc3 b6 3. Bc4 Bb7 4. d3 Nf6 5. f4 d6 6. fxe5 dxe5 7. Nf3 Bc5 8. Bg5
O-O 9. Na4 Bd6 10. O-O h6 11. Bh4 c6 12. Nc3 Nbd7 13. Qe1 Qc7 14. Qg3 a5 15. Bb3
b5 16. a3 Nh5 17. Qg4 Ndf6 18. Bxf6 Nxf6 19. Qg3 b4 20. axb4 axb4 21. Rxa8 Rxa8
22. Nh4 Kh7 23. Nf5 Rg8 24. Nxd6 bxc3 25. Nxf7 Rf8 26. Nxe5 cxb2 27. Qg6+ 1-0

[Event "Let's Play Chess!"]
[Site "http://www.queenalice.com/game.php?id=208008"]
[Date "2007.5.9"]
[Round "-"]
[White "Bryan_Ferry"]
[Black "Stegyre"]
[Result "1-0"]
[WhiteElo "1952"]
[BlackElo "1701"]

1. e4 d5 2. exd5 Qxd5 3. Nc3 Qa5 4. d4 Nf6 5. Bc4 e6 6. Nf3 c6 7. O-O Bb4 8. Bd2
Nbd7 9. Re1 O-O 10. Ne5 Nd5 11. Bxd5 cxd5 12. Qg4 Nf6 13. Qg3 Rd8 14. Bh6 Bf8
15. Bg5 Be7 16. h4 Re8 17. h5 Nxh5 18. Qh4 Nf6 19. Re3 Kf8 20. Rh3 Ng8 21. Bxe7+
Rxe7 22. Qxh7 Rc7 23. Rg3 g6 24. Rf3 f5 25. Nxg6+ Ke8 26. Qxg8+ Kd7 27. Nf8+ Kd6
28. Qg3+ Kc6 29. Ne2 b5 30. Rc3+ Kb7 31. Ra3 Qb6 32. Nf4 a5 33. Re3 Re7 34. Nxd5
Qxd4 35. Nxe7 Qxb2 36. Rae1 Ra6 37. Nxc8 Qh8 38. Nd6+ Ka7 39. Nxb5+ Kb6 40. Qd6+
Kxb5 41. Rb1+ 1-0

[Event "Let's Play Chess!"]
[Site "http://www.queenalice.com/game.php?id=208670"]
[Date "2007.5.10"]
[Round "-"]
[White "Bryan_Ferry"]
[Black "stuntlinguist"]
[Result "0-1"]
[WhiteElo "1982"]
[BlackElo "1933"]

1. e4 c5 2. Nc3 Nc6 3. f4 g6 4. Bb5 Nd4 5. Bc4 Bg7 6. Nf3 d6 7. O-O e6 8. d3 Ne7
9. Nxd4 cxd4 10. Ne2 O-O 11. Ng3 d5 12. exd5 Nxd5 13. Bxd5 Qxd5 14. Bd2 Bd7 15.
Ne4 Bc6 16. Qe2 Rfe8 17. b3 f5 18. Ng5 e5 19. fxe5 Rxe5 20. Qf2 Rae8 21. Rae1 h6
22. Rxe5 Rxe5 23. Nf3 Re8 24. Nh4 Kh7 25. Qg3 Re6 26. h3 Qe5 27. Bf4 Qd5 28. Bd2
Qe5 29. Qxe5 Rxe5 30. Re1 Rxe1+ 31. Bxe1 Bf6 32. Nf3 Bxf3 33. gxf3 g5 34. Kg2 h5
35. Kg3 Be5+ 36. Kg2 g4 37. fxg4 hxg4 38. Bg3 Bxg3 39. Kxg3 gxh3 40. Kxh3 Kg6
41. Kh4 b5 42. Kg3 Kg5 43. Kf3 Kf6 44. a4 b4 45. a5 a6 46. Kf4 Ke6 47. Kg3 Kf7
48. Kf4 Kf6 49. Kg3 Kg5 50. Kf3 f4 51. Ke4 Kg4 52. Kxd4 f3 53. Kc4 f2 54. Kxb4
f1=Q 55. d4 Qb5+ 56. Kc3 Qxa5+ 57. Kd3 Qb4 0-1

[Event "Let's Play Chess!"]
[Site "http://www.queenalice.com/game.php?id=208951"]
[Date "2007.5.10"]
[Round "-"]
[White "Bryan_Ferry"]
[Black "kloosterveen"]
[Result "1-0"]
[WhiteElo "1974"]
[BlackElo "1774"]

1. e4 e5 2. Nc3 Nc6 3. Bc4 Qg5 4. Qf3 Qf6 5. Nd5 Qxf3 6. Nxf3 Bd6 7. O-O Nge7 8.
c3 O-O 9. d4 exd4 10. cxd4 Nxd5 11. Bxd5 Bb4 12. Bxc6 dxc6 13. Ne5 Be6 14. f4 f6
15. Nd3 a5 16. a3 Bd6 17. Be3 Bc4 18. Rfd1 Be7 19. e5 f5 20. Nc5 Be2 21. Rd2
Bxc5 22. dxc5 Bc4 23. Rd7 Rf7 24. Rad1 Rxd7 25. Rxd7 Rc8 26. Bd2 Be6 27. Re7 Rd8
28. Bxa5 Rd1+ 29. Kf2 Bc4 30. Rxc7 Rf1+ 31. Kg3 Ba6 32. Rd7 Rc1 33. Bb6 Rc2 34.
e6 h5 35. h4 Rxb2 36. Rd8+ Kh7 37. e7 Re2 38. e8=Q Rxe8 39. Rxe8 Kg6 40. Bd8 Kf7
41. Re5 Kg6 42. Kf2 Bd3 43. g3 Bc4 44. Ke3 Bb5 45. Kd4 Ba6 46. Re6+ Kf7 47. Ke5
Bc4 48. Re7+ Kf8 49. Rxb7 1-0

[Event "Let's Play Chess!"]
[Site "http://www.queenalice.com/game.php?id=208952"]
[Date "2007.5.11"]
[Round "-"]
[White "Bryan_Ferry"]
[Black "ocmpa"]
[Result "1/2-1/2"]
[WhiteElo "1964"]
[BlackElo "1725"]

1. e4 e5 2. Nc3 Nf6 3. f4 d6 4. Bc4 Bg4 5. Nf3 Nc6 6. h3 Bxf3 7. Qxf3 Nd4 8. Qd1
exf4 9. Ne2 Nxe2 10. Qxe2 Qe7 11. d3 O-O-O 12. Bxf4 d5 13. exd5 Qxe2+ 14. Kxe2
Nxd5 15. Bd2 Re8+ 16. Kf2 Bc5+ 17. Kf3 c6 18. Rhe1 Re7 19. Rxe7 Bxe7 20. Re1 Re8
21. Bxd5 cxd5 22. Bb4 Kd7 23. Bxe7 Rxe7 24. Rxe7+ Kxe7 25. Kf4 f6 26. c4 Kd6 27.
b4 dxc4 28. dxc4 b6 29. a4 a5 30. bxa5 bxa5 31. Kf5 Kc5 32. Ke6 Kxc4 33. Kf7 g6
34. Kg7 Kb4 35. Kxh7 Kxa4 36. Kxg6 Kb5 37. h4 a4 38. h5 a3 39. h6 a2 40. h7 a1=Q
41. h8=Q Qb1+ 42. Kf7 Qf5 43. Qe8+ Kc5 44. Qe3+ Kd6 45. Qb6+ Ke5 46. Qc5+ Ke4
47. Qe7+ Qe5 48. Qb4+ Kf5 49. g4+ Kg5 50. Qd2+ Kxg4 51. Qg2+ Kf4 52. Qf2+ Kg5
53. Qg2+ Kf4 54. Qf2+ 1/2-1/2

[Event "Let's Play Chess!"]
[Site "http://www.queenalice.com/game.php?id=209473"]
[Date "2007.5.11"]
[Round "-"]
[White "Bryan_Ferry"]
[Black "pawn_buzzard"]
[Result "1/2-1/2"]
[WhiteElo "1982"]
[BlackElo "1777"]

1. e4 e5 2. Nc3 Bc5 3. Nf3 d6 4. Na4 Nf6 5. Nxc5 dxc5 6. Nxe5 Qe7 7. f4 Nxe4 8.
Qf3 Nd6 9. Be2 g5 10. d3 g4 11. Nxg4 Bxg4 12. Qxg4 Nd7 13. Bd2 O-O-O 14. O-O-O
Rhg8 15. Qf3 f5 16. Rhe1 Qf7 17. Kb1 Nf6 18. Qf2 Nd7 19. Bf3 Rge8 20. Be3 b6 21.
d4 Nc4 22. dxc5 Nxe3 23. Rxe3 Nxc5 24. Ree1 Rxd1+ 25. Rxd1 Qf6 26. Qf1 c6 27. b4
Qc3 28. bxc5 Qb4+ 29. Kc1 Qa3+ 30. Kb1 1/2-1/2

[Event "Let's Play Chess!"]
[Site "http://www.queenalice.com/game.php?id=310721"]
[Date "2007.11.26"]
[Round "-"]
[White "Bryan_Ferry"]
[Black "pcescritor"]
[Result "1-0"]
[WhiteElo "1954"]
[BlackElo "1787"]

1. e4 e5 2. Nc3 Nf6 3. f4 exf4 4. e5 Qe7 5. Qe2 Ng8 6. Nf3 b6 7. d4 Ba6 8. Qe4
c6 9. Bxf4 Bxf1 10. Rxf1 Qe6 11. d5 f5 12. Qd3 cxd5 13. Nxd5 Na6 14. O-O-O Bc5
15. Qxa6 Qc6 16. e6 Ne7 17. Nc7+ Kf8 18. Nxa8 Qxa8 19. exd7 Nc6 20. Bc7 Be7 21.
Ne5 Nb4 22. Qc4 Bg5+ 23. Kb1 a5 24. Qf7# 1-0

[Event "Let's Play Chess!"]
[Site "http://www.queenalice.com/game.php?id=310749"]
[Date "2007.11.27"]
[Round "-"]
[White "Bryan_Ferry"]
[Black "InsaneCannibalElf"]
[Result "1-0"]
[WhiteElo "1981"]
[BlackElo "1799"]

1. e4 e5 2. Nc3 Nf6 3. f4 Nc6 4. fxe5 Nxe5 5. d4 Ng6 6. e5 Qe7 7. Be2 Ng8 8. Nf3
f6 9. Nd5 Qd8 10. O-O d6 11. exf6 Nxf6 12. Nxf6+ gxf6 13. Bd3 Bg4 14. Qe1+ Be7
15. Nh4 Bh5 16. Nf5 Qd7 17. Ng7+ 1-0

[Event "Let's Play Chess!"]
[Site "http://www.queenalice.com/game.php?id=312079"]
[Date "2007.11.29"]
[Round "-"]
[White "Bryan_Ferry"]
[Black "Teltz"]
[Result "0-1"]
[WhiteElo "1990"]
[BlackElo "1813"]

1. e4 d6 2. f4 Nf6 3. Nc3 a6 4. Bc4 b5 5. Bd5 c6 6. e5 Nxd5 7. Nxd5 cxd5 8. exd6
Qxd6 9. d4 Bb7 10. Nf3 g6 11. O-O Bg7 12. c3 O-O 13. Qd3 Bc8 14. Nh4 f5 15. Qh3
Be6 16. Nf3 Bf6 17. Ne5 Bxe5 18. fxe5 Qb6 19. Bh6 Rf7 20. Rf4 Nc6 21. Raf1 a5
22. Bg5 b4 23. Qh4 a4 24. g4 Nxe5 0-1

[Event "Let's Play Chess!"]
[Site "http://www.queenalice.com/game.php?id=322135"]
[Date "2007.12.18"]
[Round "-"]
[White "Bryan_Ferry"]
[Black "Railton"]
[Result "1-0"]
[WhiteElo "1967"]
[BlackElo "1726"]

1. e4 d5 2. exd5 Qxd5 3. Nc3 Qd8 4. d4 e6 5. Nf3 Bb4 6. Bc4 Bd7 7. O-O Bd6 8.
Re1 c6 9. d5 Ne7 10. dxe6 Bxe6 11. Bxe6 fxe6 12. Rxe6 O-O 13. Qxd6 Qxd6 14. Rxd6
Nd5 15. Nxd5 cxd5 16. Rxd5 Nc6 17. c3 Rad8 18. Rxd8 Rxd8 19. Be3 b6 20. Nd4 Nxd4
21. cxd4 a5 22. Rc1 h6 23. g3 b5 24. Rc5 Rb8 25. d5 a4 26. d6 Rd8 27. Rd5 b4 28.
d7 Rxd7 29. Rxd7 b3 30. axb3 1-0

[Event "Let's Play Chess!"]
[Site "http://www.queenalice.com/game.php?id=322474"]
[Date "2007.12.19"]
[Round "-"]
[White "Bryan_Ferry"]
[Black "ricma"]
[Result "0-1"]
[WhiteElo "1999"]
[BlackElo "1896"]

1. e4 e5 2. Nc3 Nc6 3. Bc4 Nf6 4. d3 Na5 5. Bb3 Nxb3 6. axb3 d6 7. f4 Bg4 8. Nf3
Nh5 9. fxe5 dxe5 10. O-O Bc5+ 11. Kh1 a6 12. Qe1 Qd6 13. Qh4 Nf6 14. Bg5 Bd7 15.
Bxf6 Qxf6 16. Qg3 Bd6 17. Nh4 Qh6 18. Nf5 Bxf5 19. Rxf5 g6 20. Rf3 f5 21. Nd5
O-O 22. Rxf5 Rxf5 23. exf5 e4 24. Qg4 Qxh2# 0-1

[Event "Let's Play Chess!"]
[Site "http://www.queenalice.com/game.php?id=323052"]
[Date "2007.12.20"]
[Round "-"]
[White "Bryan_Ferry"]
[Black "ESSantos"]
[Result "1-0"]
[WhiteElo "1978"]
[BlackElo "1819"]

1. e4 e5 2. Nc3 Bc5 3. Nf3 d6 4. Na4 Bb4 5. c3 Ba5 6. b4 Bb6 7. Nxb6 axb6 8. d4
Be6 9. dxe5 Bxa2 10. Qd2 Nc6 11. Rxa2 Ra7 12. Rxa7 Nxa7 13. exd6 cxd6 14. Bc4 b5
15. Bd5 b6 16. O-O Nf6 17. Qd4 O-O 18. Bg5 Qe8 19. Bxf6 gxf6 20. Qxf6 Nc8 21.
Ng5 Qe5 22. Bxf7+ 1-0

[Event "Let's Play Chess!"]
[Site "http://www.queenalice.com/game.php?id=324131"]
[Date "2007.12.23"]
[Round "-"]
[White "Bryan_Ferry"]
[Black "elche"]
[Result "1-0"]
[WhiteElo "1995"]
[BlackElo "1705"]

1. e4 c5 2. Nc3 e6 3. f4 d6 4. Nf3 Nc6 5. Bb5 a6 6. Bxc6+ bxc6 7. d3 d5 8. O-O
dxe4 9. Nxe4 Nf6 10. Be3 Bd6 11. Qe1 c4 12. Nxd6+ Qxd6 13. dxc4 O-O 14. Qf2 Ne4
15. Qh4 Qb4 16. f5 exf5 17. Nd4 Bb7 18. Nxf5 Qxc4 19. Rf4 g5 20. Rxe4 1-0

[Event "Let's Play Chess!"]
[Site "http://www.queenalice.com/game.php?id=326404"]
[Date "2007.12.27"]
[Round "-"]
[White "Bryan_Ferry"]
[Black "jaque_mate_remate"]
[Result "1-0"]
[WhiteElo "1979"]
[BlackElo "1780"]

1. e4 e5 2. Nc3 Nc6 3. Bc4 Nf6 4. d3 Bc5 5. f4 Bxg1 6. Rxg1 d6 7. Be3 exf4 8.
Bxf4 Bg4 9. Qd2 h6 10. h3 Be6 11. Bxe6 fxe6 12. O-O-O Qd7 13. d4 O-O-O 14. d5
exd5 15. exd5 Nb4 16. Qd4 Nxa2+ 17. Nxa2 Kb8 18. Be3 b6 19. Nb4 1-0

[Event "Let's Play Chess!"]
[Site "http://www.queenalice.com/game.php?id=332714"]
[Date "2008.1.8"]
[Round "-"]
[White "Bryan_Ferry"]
[Black "davidreb"]
[Result "1-0"]
[WhiteElo "1987"]
[BlackElo "1865"]

1. e4 e5 2. Nc3 Bc5 3. Nf3 d6 4. Na4 b6 5. Nxc5 bxc5 6. Bc4 Nf6 7. d3 h6 8. O-O
Bg4 9. c3 O-O 10. d4 Nxe4 11. Bd5 Nf6 12. Bxa8 e4 13. h3 exf3 14. hxg4 fxg2 15.
Bxg2 Nbd7 16. g5 1-0

[Event "Let's Play Chess!"]
[Site "http://www.queenalice.com/game.php?id=333204"]
[Date "2008.1.9"]
[Round "-"]
[White "Bryan_Ferry"]
[Black "SalsaQueen"]
[Result "1-0"]
[WhiteElo "1998"]
[BlackElo "1690"]

1. e4 e5 2. Nc3 Nf6 3. f4 exf4 4. e5 Ng8 5. Nf3 Nc6 6. d4 a6 7. Bxf4 d5 8. Bd3
Bg4 9. Qe2 Bxf3 10. Qxf3 Nxd4 11. Qd1 c6 12. O-O Bc5 13. Kh1 h5 14. Qe1 Qe7 15.
Qg3 g6 16. Bg5 Qe6 17. Na4 Ba7 18. c3 Nf5 19. Bxf5 gxf5 20. b3 b5 21. Nb2 Kd7
22. c4 d4 23. Nd3 bxc4 24. bxc4 Qxc4 25. Rfc1 Qd5 26. Rab1 Ne7 27. Rb7+ Kc8 28.
Rxe7 Rg8 29. e6 Bb8 30. Qh4 Qd6 31. exf7 Rd8 32. Re8 Qxh2+ 33. Qxh2 Bxh2 34.
Rxd8+ Kc7 35. f8=Q Rxd8 36. Qxd8+ 1-0